Online katalóg knižníc regiónu Turca

Temné hmoty (Record no. 22570)

MARC details
000 -LEADER
fixed length control field 01498nam a2200433 a 4500
001 - CONTROL NUMBER
control field 22570
003 - CONTROL NUMBER IDENTIFIER
control field SK-KTurca
005 - DATE AND TIME OF LATEST TRANSACTION
control field 20260401134845.0
008 - FIXED-LENGTH DATA ELEMENTS--GENERAL INFORMATION
fixed length control field 080505s2007 xo j 000 f slo d
020 ## - INTERNATIONAL STANDARD BOOK NUMBER
International Standard Book Number 9788055116426 (viaz.)
035 ## - SYSTEM CONTROL NUMBER
System control number a000392850
040 ## - CATALOGING SOURCE
Original cataloging agency UKB
Language of cataloging slo
Transcribing agency UKB
Description conventions AACR2
041 1# - LANGUAGE CODE
Language code of text/sound track or separate title slo
Language code of original eng
044 ## - COUNTRY OF PUBLISHING/PRODUCING ENTITY CODE
MARC country code xo
ISO country code SK
072 #7 - SUBJECT CATEGORY CODE
Subject category code 821-93
Subject category code subdivision Literatúra pre deti a mládež (beletria)
Source konspekt
072 #7 - SUBJECT CATEGORY CODE
Subject category code 821.111
Subject category code subdivision Anglická literatúra, anglicky písaná
Source konspekt
080 ## - UNIVERSAL DECIMAL CLASSIFICATION NUMBER
Universal Decimal Classification number 821.111-31
Edition identifier 1997
080 ## - UNIVERSAL DECIMAL CLASSIFICATION NUMBER
Universal Decimal Classification number (0:82-312.9)
Edition identifier 1997
080 ## - UNIVERSAL DECIMAL CLASSIFICATION NUMBER
Universal Decimal Classification number 821-93
Edition identifier 1997
100 1# - MAIN ENTRY--PERSONAL NAME
Personal name Pullman, Philip,
Dates associated with a name 1946-
240 10 - UNIFORM TITLE
Uniform title Northern lights ; The subtle knife ; The amber spyglass.
Language of a work Slovensky
245 10 - TITLE STATEMENT
Title Temné hmoty
Remainder of title strhujúca trilógia
Statement of responsibility, etc. Philip Pullman ; [z anglických originálov preložila Oľga Kralovičová, Tamara Chovanová ; verše preložila Jana Kantorová-Báliková]
260 ## - PUBLICATION, DISTRIBUTION, ETC.
Place of publication, distribution, etc. Bratislava
Name of publisher, distributor, etc. Ikar
Date of publication, distribution, etc. 2007
300 ## - PHYSICAL DESCRIPTION
Extent 811 s.
500 ## - GENERAL NOTE
General note Dokument obsahuje tri diela
653 ## - INDEX TERM--UNCONTROLLED
Uncontrolled term 821.111-31
653 ## - INDEX TERM--UNCONTROLLED
Uncontrolled term (0:82-312.9)
653 ## - INDEX TERM--UNCONTROLLED
Uncontrolled term 821-93
655 #7 - INDEX TERM--GENRE/FORM
Genre/form data or focus term anglické romány
Source of term UKBPH
655 #7 - INDEX TERM--GENRE/FORM
Genre/form data or focus term publikácie pre mládež
Source of term UKBPH
655 #7 - INDEX TERM--GENRE/FORM
Genre/form data or focus term fantazijné romány
Source of term UKBPH
700 1# - ADDED ENTRY--PERSONAL NAME
Personal name Kralovičová, Oľga,
Dates associated with a name 1957-
Relationship trl
700 1# - ADDED ENTRY--PERSONAL NAME
Personal name Chovanová, Tamara,
Dates associated with a name 1953-
Relationship trl
700 1# - ADDED ENTRY--PERSONAL NAME
Personal name Kantorová-Báliková, Jana,
Dates associated with a name 1951-
Relationship trl
740 02 - ADDED ENTRY--UNCONTROLLED RELATED/ANALYTICAL TITLE
Uncontrolled related/analytical title Zlatý kompas
740 02 - ADDED ENTRY--UNCONTROLLED RELATED/ANALYTICAL TITLE
Uncontrolled related/analytical title Magický nôž
740 02 - ADDED ENTRY--UNCONTROLLED RELATED/ANALYTICAL TITLE
Uncontrolled related/analytical title Jantárový ďalekohľad
942 ## - ADDED ENTRY ELEMENTS (KOHA)
Source of classification or shelving scheme Dewey Decimal Classification
Koha item type Krásna literatúra pre deti
Suppress in OPAC No
Holdings
Stav vyradenia Strata Poškodenie Spôsob nadobudnutia Domovská knižnica Aktuálna knižnica Dátum nadobudnutia Total checkouts Čiarový kód exemplára Date last seen Typ exemplára
      Dar Obecná knižnica Turčianska Štiavnička Obecná knižnica Turčianska Štiavnička 01.04.2026   4738000898 01.04.2026 Krásna literatúra pre deti
Projekt je podporený Slovenskou asociáciou knižníc
Prevádzkuje Turčianska knižnica Martin 2026